|
|
|
|
| LEADER |
01025nam a2200289 a 4500 |
| 001 |
1563 |
| 003 |
BD-DhAAL |
| 005 |
20150204102924.0 |
| 008 |
150204s1992 njuab b 001 0 eng |
| 010 |
|
|
|a 91025961
|
| 020 |
|
|
|a 0136823947
|
| 040 |
|
|
|a DLC
|c DLC
|d DLC
|d BD-DhAAL
|
| 050 |
0 |
0 |
|a HF1411
|b .B6 1992
|
| 082 |
0 |
0 |
|a 337
|2 20
|
| 100 |
1 |
|
|a Walters, Robert S.,
|d 1941-
|9 7902
|
| 245 |
1 |
4 |
|a The politics of global economic relations /
|c Robert S. Walters, David H. Blake.
|
| 250 |
|
|
|a 4th ed.
|
| 260 |
|
|
|a Englewood Cliffs, N.J. :
|b Prentice Hall,
|c c1992.
|
| 300 |
|
|
|a vi, 281 p. :
|b ill., map ;
|c 23 cm.
|
| 500 |
|
|
|a Authors' names in reverse order on previous eds.
|
| 504 |
|
|
|a Includes bibliographical references and index.
|
| 541 |
|
|
|e 1563
|
| 650 |
|
0 |
|a International economic relations.
|9 7636
|
| 700 |
1 |
|
|a Blake, David H.
|9 7903
|
| 942 |
|
|
|2 ddc
|c BK
|
| 999 |
|
|
|c 33573
|d 33573
|
| 952 |
|
|
|0 0
|1 0
|2 ddc
|4 0
|6 337_000000000000000_WAL
|7 0
|9 52447
|a SCL
|b SCL
|c GEN
|d 2015-02-04
|l 0
|o 337 WAL
|p 3020001563
|r 2015-02-04
|t 1
|w 2015-02-04
|y BK
|